The quiet American (Record no. 10801)

000 -LEADER
fixed length control field 00392 a2200157 4500
020 ## - INTERNATIONAL STANDARD BOOK NUMBER
International Standard Book Number 9780099478393
040 ## - CATALOGING SOURCE
Original cataloging agency DLC
Language of cataloging DLC
082 ## - DEWEY DECIMAL CLASSIFICATION NUMBER
Classification number 823.912
100 ## - MAIN ENTRY--PERSONAL NAME
Personal name Greene, Graham
245 ## - TITLE STATEMENT
Title The quiet American
Statement of responsibility, etc. Graham Greene
260 ## - PUBLICATION, DISTRIBUTION, ETC.
Place of publication, distribution, etc. London
Name of publisher, distributor, etc. Vintage book
Date of publication, distribution, etc. 2002
300 ## - PHYSICAL DESCRIPTION
Extent 180 p.
650 ## - SUBJECT ADDED ENTRY--TOPICAL TERM
Topical term or geographic name entry element War correspondents--Americans
700 ## - ADDED ENTRY--PERSONAL NAME
Personal name Graham Greene
942 ## - ADDED ENTRY ELEMENTS (KOHA)
Koha item type Book
Call number prefix 823.912 GRE
Source of classification or shelving scheme
Holdings
Withdrawn status Lost status Damaged status Not for loan Collection code Permanent Location Current Location Shelving location Date acquired Source of acquisition Cost, normal purchase price Total Checkouts Full call number Barcode Checked out Date last seen Date last checked out Price effective from Koha item type
          Central Library (CL) Central Library (CL) General Stacks 03/27/2012 Eagle Information Marketing 1070.85 2 823.912 GRE SEECS010951 12/16/2023 11/16/2023 11/16/2023 01/05/2017 Book
© 2023 Central Library, National University of Sciences and Technology. All Rights Reserved.